000
00321nam a22001337a 4500
008
170616b xxu||||| |||| 00| 0 eng d
020
_a
9780271014159
041
_a
eng
080
_a
32
100
_a
20
101
_a
SHP
245
_a
AMERICA MYTH IN THE MAKINGTOWARD LATIN AMERICA
_c
KENWORTHY.E
942
_2
udc
_c
BK
999
_c
17803
_d
17803